000 02108nam0a22004211 4500
001 v19\rc\1513474
005 20260405145310.0
035 _a(NLR Aleph) 005214569
090 _a5443710
_c5443710
100 _a20060620d1884 d y0rusy50 ca
101 0 _arus
102 _aRU
105 _ay z |||ab
200 1 _aИван Гус
_e[рассказ А. Эрлейвейна]
210 _aМосква
_cВ.Н. Маракуев
_d1884
215 _a34 с., вкл. 2 с. обл.
_d20
225 1 _aНародная библиотека
_v№ 20
225 1 _aИз "Ясной Поляны" графа Л.Н. Толстого
300 _aАвт. установлен по одноименному изд. "Посредника". 1886 г.
300 _aСвед. о серии "Народная б-ка" указаны на обл.
311 _aИз "Ясной Поляны" гр. Л.Н. Толстого
327 0 _aВ кн. также: Гус на костре : стихотворение / Тютчев. - С. 32
464 0 _12001#$aГус на костре$eстихотворение$fТютчев
_1215##$aС. 32
_1700#1$3RU\NLR\AUTH\77507$7ca$aТютчев$bФ. И.$f1803-1873$gФедор Иванович
_tГус на костре
_aТютчев, Федор Иванович (1803-1873)
488 0 _12001#$aЯсная Поляна$eжурнал графа Л.Н. Толстого
_1702#1$3RU\NLR\AUTH\771515$7ca$aТолстой$bЛ. Н.$f1828-1910$gЛев Николаевич$4650
_tЯсная Поляна
540 1 _aЯн Гус
_aГус Ян
_zrus
700 1 _8rus
_7ca
_aЭрленвейн
_bА. А.
_f1840-1910
_gАльфонс Александрович
_3RU\NLR\AUTH\7760743
_943673
702 1 _4570
_8rus
_7ca
_aГус
_bЯ.
_f1369-1415
_gЯн
_3RU\NLR\AUTH\7757598
_940530
801 0 _aRU
_bNLR
_gpsbo
801 0 _aRU
_bRuMoRGB
_2psbo
801 1 _aRU
_bProSoft-M
_2rusmarc
801 2 _aRU
_bNLR
_c20120305
_2rusmarc
852 _aNLR
_j18.155.1.91
899 _aRuMoRGB
_jМК
899 _aБАН
899 _aГПИБ
899 _aRuMoRGB
_jA 157/182
942 _cBOOK
980 _aNB